000 00571nam a2200229Ia 4500
003 0100
008 130303s9999 xx 000 0 und d
040 _cARRUPELIB
050 _aQB981.F481997
100 _aFilkin, David
245 _aStephen Hawking's universe
245 _bthe cosmos explained
250 _a1st
260 _aNew York
260 _bBasic Books
260 _C1997
300 _axv
300 _b 288p. 24cm.
650 _bZimbabwe-Economic conditions-1980 Zimbabwe-politics and government-1980
700 _aDavid Filkin
942 0 0 _01
999 _c17889
_d17889